Analýza bonus-malus systémov v neživotnom poistení

Analýza vybratých bonus‐malus systémov (BMS) na Slovensku a v ostatných krajinách V4 (Česko, Maďarsko a Poľsko), používaných pri poistení motorových vozidiel.

Salvato in:
Dettagli Bibliografici
Autore principale: Skřivánková, Valéria
Altri autori: Gajdošová, Barbora
Natura: Capitolo di libro
Lingua:slovacco
Soggetti:
Tags: Aggiungi Tag
Nessun Tag, puoi essere il primo ad aggiungerne!!

MARC

LEADER 00000naa a2200000 4500
001 0228612
005 20220715093525.2
041 0 |a slo 
044 |a SK 
245 1 0 |a Analýza bonus-malus systémov v neživotnom poistení  |c Valéria Skřivánková, Barbora Gajdošová 
520 |a Analýza vybratých bonus‐malus systémov (BMS) na Slovensku a v ostatných krajinách V4 (Česko, Maďarsko a Poľsko), používaných pri poistení motorových vozidiel. 
610 2 0 |a analýza faktorová 
610 2 0 |a poistenie neživotné 
610 2 0 |a automobily 
610 2 0 |a reťazce Markovove 
610 2 0 |a Slovensko 
610 2 0 |a Vyšehradská štvorka 
610 2 0 |a matematika poistná 
100 1 |a Skřivánková, Valéria 
700 1 |a Gajdošová, Barbora